000 00588cam a2200193 a 4500
001 000006157
005 20200929151944.0
008 851129s1984 ve a 000 p spa
010 _a85596277
040 _aDO-SdBNP
_cDLC
_dDLC
082 _aE861.44
_bP127r
100 1 _aPáez, Leonardo
_917289
245 1 0 _aRomancero popular de Bolivar /
_cLeonardo Páez.
260 _aMerida :
_bImprenta oficial,
_c1984.
300 _a138 p. ; :
_bil. ;
_c19 cm.
650 4 _aPoesía ecuatoriana
_913387
650 4 _aLiteratura ecuatoriana
_ySIGLO XX
_914420
910 _aCatalogación por copia / LC
999 _c5953
_d5953